Tấm lòng người mẹ Sách dành cho các bậc cha mẹ

Tập ký viết về bà mẹ nhà thơ Trần Đăng Khoa - người đã nuôi nấng, nâng hồn thơ cho con, về bà mẹ cô sinh viên tàn tật Hồng Hà.. về những người phụ nữ, người mẹ có tấm lòng cao cả

Đã lưu trong:
Chi tiết về thư mục
Tác giả khác: Bích Thuận... (Tác giả)
Định dạng: Sách
Ngôn ngữ:Vietnamese
Được phát hành: H. Phụ nữ 1981
Những chủ đề:
Các nhãn: Thêm thẻ
Không có thẻ, Là người đầu tiên thẻ bản ghi này!
Thư viện lưu trữ: Mạng thư viện Đại học Đà Nẵng
LEADER 01363nam a2200349 4500
001 000006244
003 2399
005 20110906090931.0
008 110906s1981 viesd
020 |c 2000đ 
041 0 |a vie 
082 |a 370.82  |b Tâm 
245 0 |a Tấm lòng người mẹ  |b Sách dành cho các bậc cha mẹ  |c Bích Thuận, ánh Tuyết, Hồng Nhung.. 
260 |a H.  |b Phụ nữ  |c 1981 
300 |a 78 tr  |c 19 cm 
520 |a Tập ký viết về bà mẹ nhà thơ Trần Đăng Khoa - người đã nuôi nấng, nâng hồn thơ cho con, về bà mẹ cô sinh viên tàn tật Hồng Hà.. về những người phụ nữ, người mẹ có tấm lòng cao cả 
653 |a Văn học hiện đại 
653 |a Việt Nam 
653 |a Kí 
653 |a Phụ nữ 
700 |a Bích Thuận...  |e Tác giả 
910 |a Nguyễn Thị Kim Oanh  |d 06/09/2011 
OWN |a LSP 
AVA |a UDN50  |b LSP  |d 370.82 Tâm  |e unavailable  |t Error 5002 Not defined in file expand_doc_bib_avail.  |f 1  |g 1  |h N  |i 0  |k 1 
999 |a From the UDN01 
AVA |a UDN50  |b LSP  |d 370.82 Tâm  |e unavailable  |t Error 5002 Not defined in file expand_doc_bib_avail.  |f 1  |g 1  |h N  |i 0  |k 1 
TYP |a Monograph 
TYP |a Printed language 
980 |a Mạng thư viện Đại học Đà Nẵng